000 00795nam a2200205 i 4500
001 95242
003 ES-MaACL
005 20230906181649.0
007 t|
008 050525s1961 sp ||||1| spa d
100 1 _aLuebke, Anton.
_974623
245 1 4 _aLos misterios del mundo subterráneo /
_cAnton Luebke; versión española Francisco Payarols; con apéndice sobre la espeleología en España por Joaquina Comas de Candel.
260 _aBarcelona :
_bLabor,
_c1961.
300 _aXII, 368 p., lám. en neg. y col. I-XCV., 1 lám. en col., pleg. en col. I-X ;
_c22 cm.
650 0 4 _aExploraciones subterráneas.
_912698
650 4 _aEspeleología-
_zEspaña.
_9152740
700 1 _aPayarols, Francisco.
_989715
700 0 _aComas, Joaquina.
_939934
852 _aES-MaACL
_jC-22971
_bR.51736
999 _c95242
_d95242